[Event "Wch U12"]
[Site "Batumi"]
[Date "2016.10.30"]
[Round "11"]
[White "Misiuk, Ernest"]
[Black "Asgarov, Nihad"]
[Result "0-1"]
[WhiteElo "1811"]
[BlackElo "1686"]
[PlyCount "52"]
[EventDate "2016.10.19"]
[EventType "swiss"]
[EventRounds "11"]
[EventCountry "GEO"]
[SourceTitle "EXT 2018"]
[Source "ChessBase"]
[SourceDate "2017.10.13"]
[SourceVersion "1"]
[SourceVersionDate "2017.10.13"]
[SourceQuality "1"]

1. d4 Nf6 2. Nf3 e6 3. Bf4 d5 4. e3 b6 5. Bd3 Bb7 6. Nbd2 Nbd7 7. c3 c5 8. h3 Be7 9. Ne5 a6 10. a4 0-0 11. 0-0 Nxe5 12. Bxe5 Nd7 13. Bh2 Bf6 14. f4 g6 15. Nf3 Bg7 16. Bg3 f6 17. Re1 c4 18. Bc2 f5 19. Bh4 Bf6 20. Bxf6 Rxf6 21. Ne5 Nxe5 22. dxe5 Rf7 23. g4 Qh4 24. Kg2 d4+ 25. e4 d3 26. Bb1 Bxe4+ 0-1

[Event "EU-ch U12 26th"]
[Site "Prague"]
[Date "2016.08.25"]
[Round "7"]
[White "Husa, Daniel"]
[Black "Misiuk, Ernest"]
[Result "0-1"]
[WhiteElo "1488"]
[BlackElo "1783"]
[PlyCount "56"]
[EventDate "2016.08.18"]
[EventType "swiss"]
[EventRounds "9"]
[EventCountry "CZE"]
[SourceTitle "CBM 174 Extra"]
[Source "ChessBase"]
[SourceDate "2016.10.10"]
[SourceVersion "1"]
[SourceVersionDate "2016.10.10"]
[SourceQuality "1"]

1. d4 Nf6 2. Bg5 g6 3. Bxf6 exf6 4. e3 Bg7 5. g3 d5 6. Ne2 Bg4 7. Bg2 c6 8. 0-0 Qe7 9. b3 0-0 10. Qd2 Bxe2 11. Qxe2 f5 12. c4 Bxd4 13. Nc3 Bxc3 14. Rac1 Bg7 15. cxd5 cxd5 16. Bxd5 Rd8 17. Qf3 Nc6 18. Bxc6 bxc6 19. Qxc6 Qe4 20. Qc5 Qb7 21. Qa3 Rd2 22. Rfd1 Bb2 23. Qa5 Bxc1 24. Rxc1 Rad8 25. Rf1 Rd1 26. Re1 Rxe1+ 27. Qxe1 Qf3 28. e4 Rd1 0-1

[Event "EU-ch U12 26th"]
[Site "Prague"]
[Date "2016.08.21"]
[Round "4"]
[White "Misiuk, Ernest"]
[Black "Jirousek, Jan"]
[Result "1/2-1/2"]
[WhiteElo "1783"]
[BlackElo "1581"]
[PlyCount "164"]
[EventDate "2016.08.18"]
[EventType "swiss"]
[EventRounds "9"]
[EventCountry "CZE"]
[SourceTitle "CBM 174 Extra"]
[Source "ChessBase"]
[SourceDate "2016.10.10"]
[SourceVersion "1"]
[SourceVersionDate "2016.10.10"]
[SourceQuality "1"]

1. d4 d5 2. Bf4 Nf6 3. e3 Bf5 4. c4 e6 5. a3 c6 6. Nc3 Bd6 7. Bg3 0-0 8. Nf3 Bxg3 9. hxg3 Nbd7 10. Be2 Qc7 11. Rc1 Qb6 12. b4 Ne4 13. Nxe4 Bxe4 14. Rh2 Nf6 15. Ne5 a5 16. c5 Qc7 17. b5 a4 18. b6 Qd8 19. g4 Nd7 20. Nxd7 Qxd7 21. f4 Qe7 22. Bd3 Bxd3 23. Qxd3 f5 24. g5 g6 25. Kf2 Ra6 26. Qd2 Rf7 27. Rch1 Rg7 28. Qc2 Qe8 29. Rb1 Qa8 30. Kf3 Rf7 31. g3 Rg7 32. Rh6 Qe8 33. Qh2 Qe7 34. Rb4 Qe8 35. Qh1 Qf8 36. Qf1 Qe8 37. Rh2 Qf8 38. Rhb2 Qa8 39. Qd3 Rf7 40. Rh2 Rg7 41. Qe2 Qe8 42. Rh1 Qf8 43. Qxa6 bxa6 44. Rhb1 Qb8 45. Rxa4 Qb7 46. Rbb4 Re7 47. Ra5 Re8 48. Ke2 Ra8 49. Kd2 Kg7 50. Rb1 Kg8 51. Kc3 Kf8 52. Kb4 Kg7 53. Ra4 Rh8 54. Rh1 h6 55. Ka5 hxg5 56. Rxh8 Kxh8 57. fxg5 Qb8 58. b7 Qxb7 59. Rb4 Qc8 60. Kb6 a5 61. Kxa5 Qa8+ 62. Kb6 Qxa3 63. Rb1 Qxe3 64. Kxc6 Qxd4 65. Kd6 Qc4 66. c6 d4 67. Rb8+ Kg7 68. Rb7+ Kg8 69. Rd7 d3 70. Kc7 Qa6 71. Rd6 d2 72. Kd7 Kf7 73. Rxd2 Qa4 74. Rd6 Qa8 75. Rd3 Qe8+ 76. Kc7 Qa8 77. Rb3 Ke7 78. Rb8 Qa5+ 79. Rb6 Qa7+ 80. Rb7 Qc5 81. Kb8+ Ke8 82. Kc7 Qd4 1/2-1/2

[Event "LTU-ch sf"]
[Site "Vilnius"]
[Date "2016.03.06"]
[Round "1"]
[White "Mickevicius, Juras"]
[Black "Misiuk, Ernest"]
[Result "1-0"]
[WhiteElo "2345"]
[BlackElo "1873"]
[PlyCount "59"]
[EventDate "2016.03.06"]
[EventType "swiss"]
[EventRounds "8"]
[EventCountry "LTU"]
[SourceTitle "CBM 171 Extra"]
[Source "ChessBase"]
[SourceDate "2016.04.26"]
[SourceVersion "1"]
[SourceVersionDate "2016.04.26"]
[SourceQuality "1"]

1. d4 Nf6 2. c4 g6 3. g3 Bg7 4. Bg2 0-0 5. Nf3 d6 6. 0-0 Nc6 7. Nc3 Bf5 8. d5 Na5 9. Nd2 c5 10. e4 Bd7 11. Qc2 a6 12. b3 Qc7 13. Bb2 Rac8 14. Ne2 b5 15. Nf4 bxc4 16. bxc4 Rb8 17. Nd3 e6 18. e5 Ne8 19. Ne4 dxe5 20. Ndxc5 Bc8 21. Ba3 Nf6 22. d6 Qd8 23. Nxf6+ Bxf6 24. d7 Be7 25. Rfd1 Bb7 26. Nxb7 Nxb7 27. c5 Qc7 28. Bxb7 Rxb7 29. c6 Bxa3 30. cxb7 1-0

[Event "EU-ch U12 25th"]
[Site "Porec"]
[Date "2015.09.23"]
[Round "3"]
[White "Stremavicius, Pijus"]
[Black "Misiuk, Ernest"]
[Result "0-1"]
[WhiteElo "1569"]
[BlackElo "1812"]
[PlyCount "80"]
[EventDate "2015.09.21"]
[EventType "swiss"]
[EventRounds "9"]
[EventCountry "CRO"]
[SourceTitle "EXT 2016"]
[Source "ChessBase"]
[SourceDate "2015.10.08"]
[SourceVersion "1"]
[SourceVersionDate "2015.10.08"]
[SourceQuality "1"]

1. d4 Nf6 2. Nf3 g6 3. c4 Bg7 4. Nc3 0-0 5. Bf4 d6 6. h3 Nc6 7. e3 Re8 8. a3 e5 9. dxe5 dxe5 10. Bh2 Qe7 11. Be2 Bf5 12. 0-0 Rad8 13. Qa4 a6 14. Rfd1 h6 15. b4 Ne4 16. Nxe4 Bxe4 17. Nd2 Bd3 18. Bxd3 Rxd3 19. Ne4 Red8 20. Nc5 b5 21. Qc2 e4 22. Nxd3 exd3 23. Qc1 Bxa1 24. cxb5 axb5 25. Qxc6 d2 26. Qxb5 Qe4 27. Qe2 Qc2 28. e4 g5 29. f4 Rd4 30. fxg5 hxg5 31. Qh5 Kf8 32. Be5 Rxe4 33. Qh8+ Ke7 34. Qf6+ Ke8 35. Rf1 Bxe5 36. Qxf7+ Kd8 37. Qd5+ Bd6 38. Rf8+ Kd7 39. Qf5+ Kc6 40. b5+ Kb6 0-1

[Event "EU-ch U12 25th"]
[Site "Porec"]
[Date "2015.09.22"]
[Round "2"]
[White "Misiuk, Ernest"]
[Black "Mis, Mieszko"]
[Result "0-1"]
[WhiteElo "1812"]
[BlackElo "1997"]
[PlyCount "81"]
[EventDate "2015.09.21"]
[EventType "swiss"]
[EventRounds "9"]
[EventCountry "CRO"]
[SourceTitle "EXT 2016"]
[Source "ChessBase"]
[SourceDate "2015.10.08"]
[SourceVersion "1"]
[SourceVersionDate "2015.10.08"]
[SourceQuality "1"]

1. d4 f5 2. g3 Nf6 3. Bg2 e6 4. Nf3 d5 5. Bf4 Bd6 6. Bxd6 Qxd6 7. c3 Nbd7 8. Nbd2 b6 9. Rc1 0-0 10. 0-0 Bb7 11. Re1 Ne4 12. Qc2 c5 13. c4 Rac8 14. dxc5 Ndxc5 15. cxd5 exd5 16. Red1 Ba6 17. Nd4 Nd3 18. Qxc8 Rxc8 19. Rxc8+ Bxc8 20. exd3 Nxd2 21. Rxd2 Qe5 22. Nf3 Qc7 23. Re2 Kf8 24. h3 Qc1+ 25. Kh2 Qd1 26. Rd2 Qa4 27. a3 g6 28. Ne5 f4 29. d4 fxg3+ 30. fxg3 Be6 31. h4 a5 32. Rf2+ Kg7 33. Rd2 b5 34. Bf3 Qb3 35. Nd3 Bf5 36. Bd1 Qc4 37. Nf2 Qc1 38. Re2 Bd3 39. Re7+ Kf8 40. Re5 Qxb2 41. Kg1 0-1

[Event "Palanga op"]
[Site "Palanga"]
[Date "2015.06.18"]
[Round "5"]
[White "Misiuk, Ernest"]
[Black "Unhjem, Bjorn Robert Lovoll"]
[Result "1-0"]
[WhiteElo "1715"]
[BlackElo "1592"]
[PlyCount "59"]
[EventDate "2015.06.15"]
[EventType "swiss"]
[EventRounds "9"]
[EventCountry "LTU"]
[SourceTitle "CBM 167 Extra"]
[Source "ChessBase"]
[SourceDate "2015.09.14"]
[SourceVersion "1"]
[SourceVersionDate "2015.09.14"]
[SourceQuality "1"]

1. d4 d5 2. Nf3 Nf6 3. e3 e6 4. Bd3 Nbd7 5. Nbd2 b6 6. 0-0 Be7 7. c3 0-0 8. Re1 Bb7 9. b3 c5 10. e4 dxe4 11. Nxe4 Nxe4 12. Bxe4 Bxe4 13. Rxe4 Nf6 14. Rh4 Nd5 15. Rh3 cxd4 16. Nxd4 Nxc3 17. Qc2 g6 18. Nc6 Qd7 19. Nxe7+ Qxe7 20. Qxc3 Rac8 21. Qf3 Qb4 22. Bb2 f6 23. g3 Qd2 24. Ba3 Rc3 25. Qe4 Rc2 26. Qxe6+ Rf7 27. Qe8+ Kg7 28. Rxh7+ Kxh7 29. Qxf7+ Kh6 30. Qxf6 1-0

[Event "LTU-ch U12"]
[Site "Vilnius"]
[Date "2015.04.13"]
[Round "5.3"]
[White "Misiuk, Ernest"]
[Black "Stremavicius, Pijus"]
[Result "1-0"]
[WhiteElo "1775"]
[BlackElo "1530"]
[PlyCount "50"]
[EventDate "2015.04.11"]
[EventType "swiss"]
[EventRounds "8"]
[EventCountry "LTU"]
[SourceTitle "EXT 2024"]
[Source "ChessBase"]
[SourceDate "2023.10.10"]
[SourceVersion "1"]
[SourceVersionDate "2023.10.10"]
[SourceQuality "1"]

1. d4 Nf6 2. c4 e6 3. Nc3 Bb4 4. e3 0-0 5. Bd3 d5 6. Nf3 c5 7. 0-0 dxc4 8. Bxc4 Bxc3 9. bxc3 Nbd7 10. Qc2 Qc7 11. Bd3 b6 12. e4 cxd4 13. Nxd4 e5 14. Nb5 Qb8 15. Ba3 Nc5 16. Bxc5 bxc5 17. Rab1 Bb7 18. Na3 Qc7 19. Nc4 Ba6 20. Qa4 Bxc4 21. Qxc4 Nd7 22. a4 Nb6 23. Qa6 c4 24. Be2 Qc6 25. a5 Qxe4 1-0

[Event "LTU-ch sf"]
[Site "Vilnius"]
[Date "2015.02.23"]
[Round "7"]
[White "Salna, Aleksandras"]
[Black "Misiuk, Ernest"]
[Result "0-1"]
[WhiteElo "1809"]
[BlackElo "1648"]
[PlyCount "44"]
[EventDate "2015.02.18"]
[EventType "swiss"]
[EventRounds "8"]
[EventCountry "LTU"]
[SourceTitle "CBM 165 Extra"]
[Source "ChessBase"]
[SourceDate "2015.04.21"]
[SourceVersion "1"]
[SourceVersionDate "2015.04.21"]
[SourceQuality "1"]

1. d4 Nf6 2. Nf3 g6 3. Bf4 Bg7 4. e3 d6 5. h3 0-0 6. Nbd2 c5 7. c3 Be6 8. dxc5 dxc5 9. Bc4 Bxc4 10. Nxc4 Nc6 11. Qb3 Na5 12. Nxa5 Qxa5 13. Ne5 Nh5 14. Bh2 Bxe5 15. Bxe5 c4 16. Qxc4 Qxe5 17. Rd1 Rac8 18. Qb3 b6 19. 0-0 Rfd8 20. Rd4 Rxd4 21. exd4 Qg5 22. Qc2 Nf4 0-1

[Event "LTU-ch sf"]
[Site "Vilnius"]
[Date "2015.02.22"]
[Round "6"]
[White "Kraujunas, Vladas"]
[Black "Misiuk, Ernest"]
[Result "1-0"]
[WhiteElo "1874"]
[BlackElo "1648"]
[PlyCount "45"]
[EventDate "2015.02.18"]
[EventType "swiss"]
[EventRounds "8"]
[EventCountry "LTU"]
[SourceTitle "CBM 165 Extra"]
[Source "ChessBase"]
[SourceDate "2015.04.21"]
[SourceVersion "1"]
[SourceVersionDate "2015.04.21"]
[SourceQuality "1"]

1. e4 c5 2. Nf3 d6 3. d4 cxd4 4. Nxd4 Nf6 5. Nc3 a6 6. f4 e6 7. Be2 Be7 8. 0-0 Nbd7 9. Bf3 0-0 10. Qe1 Qc7 11. Qg3 Qb6 12. Qf2 Bd8 13. Rb1 e5 14. Nf5 Qxf2+ 15. Kxf2 Bb6+ 16. Kg3 Bc7 17. Rd1 exf4+ 18. Bxf4 Ne5 19. Nxd6 Nxf3 20. Nxc8 Ng5 21. Ne7+ Kh8 22. Bxc7 Ne6 23. Ned5 1-0

[Event "LTU-chT"]
[Site "Lithuania"]
[Date "2015.01.25"]
[Round "2.8"]
[White "Povilaitis, Tomas"]
[Black "Misiuk, Ernest"]
[Result "1/2-1/2"]
[WhiteElo "1485"]
[BlackElo "1648"]
[PlyCount "54"]
[EventDate "2015.01.24"]
[EventType "team-tourn"]
[EventRounds "7"]
[EventCountry "LTU"]
[SourceTitle "CBM 164 Extra"]
[Source "ChessBase"]
[SourceDate "2015.03.02"]
[SourceVersion "1"]
[SourceVersionDate "2015.03.02"]
[SourceQuality "1"]
[WhiteTeam "Siauliai Tomas"]
[BlackTeam "Vilnius VSF"]
[WhiteTeamCountry "LTU"]
[BlackTeamCountry "LTU"]

1. e4 c5 2. Nc3 Nc6 3. Bb5 Nd4 4. Bc4 e6 5. Nge2 Nf6 6. 0-0 a6 7. d3 Nxe2+ 8. Qxe2 d6 9. f4 Be7 10. Qf3 0-0 11. a4 Rb8 12. Bd2 b6 13. f5 exf5 14. exf5 Bb7 15. Bd5 Nxd5 16. Nxd5 Bxd5 17. Qxd5 Bf6 18. c3 Qc7 19. Rfe1 Rfe8 20. Re4 Rxe4 21. Qxe4 h6 22. Re1 Rd8 23. Qd5 Kh7 24. Bf4 Rd7 25. h3 Rd8 26. Kh2 Kg8 27. Re2 Kh7 1/2-1/2

[Event "EU-ch U10 24th"]
[Site "Batumi"]
[Date "2014.10.26"]
[Round "7"]
[White "Misiuk, Ernest"]
[Black "Solomon, Asif"]
[Result "1-0"]
[WhiteElo "1639"]
[BlackElo "1814"]
[PlyCount "49"]
[EventDate "2014.10.19"]
[EventType "swiss"]
[EventRounds "9"]
[EventCountry "GEO"]
[SourceTitle "EXT 2016"]
[Source "ChessBase"]
[SourceDate "2015.10.08"]
[SourceVersion "1"]
[SourceVersionDate "2015.10.08"]
[SourceQuality "1"]

1. d4 Nf6 2. c4 g6 3. Nf3 Bg7 4. g3 0-0 5. Bg2 d6 6. 0-0 Nc6 7. Nc3 Bf5 8. Nh4 Bd7 9. e4 e5 10. Nf3 exd4 11. Nxd4 Nxd4 12. Qxd4 Ng4 13. Qd2 Ne5 14. b3 Qf6 15. f4 Nxc4 16. e5 Nxe5 17. fxe5 Qxe5 18. Bb2 Qh5 19. Nd5 Bc6 20. Bf3 Qh3 21. Bxg7 Kxg7 22. Qd4+ f6 23. Bg2 Qh6 24. Nxf6 Rf7 25. Ng4+ 1-0

[Event "EU-ch U10 24th"]
[Site "Batumi"]
[Date "2014.10.24"]
[Round "6"]
[White "Portokalski, Yordan"]
[Black "Misiuk, Ernest"]
[Result "0-1"]
[WhiteElo "1777"]
[BlackElo "1639"]
[PlyCount "94"]
[EventDate "2014.10.19"]
[EventType "swiss"]
[EventRounds "9"]
[EventCountry "GEO"]
[SourceTitle "EXT 2016"]
[Source "ChessBase"]
[SourceDate "2015.10.08"]
[SourceVersion "1"]
[SourceVersionDate "2015.10.08"]
[SourceQuality "1"]

1. Nf3 Nf6 2. g3 g6 3. Bg2 Bg7 4. 0-0 0-0 5. d3 d6 6. e4 c5 7. Nbd2 Nc6 8. Nh4 Nd4 9. c3 Nc6 10. f4 Qb6 11. Nc4 Qc7 12. Qb3 Be6 13. f5 Bxc4 14. Qxc4 Ne5 15. Qb3 Nxd3 16. fxg6 hxg6 17. Nxg6 c4 18. Nxe7+ Qxe7 19. Qxc4 Nc5 20. Bg5 Qe6 21. Qxe6 fxe6 22. Rad1 Nfxe4 23. Be7 Rxf1+ 24. Rxf1 d5 25. Re1 Kf7 26. Bxc5 Nxc5 27. Bh3 Ne4 28. Bg2 Rd8 29. Rd1 Ke7 30. Bxe4 dxe4 31. Rxd8 Kxd8 32. Kf2 Bh6 33. g4 Ke7 34. h4 Kf6 35. g5+ Bxg5 36. hxg5+ Kxg5 37. Ke3 Kf5 38. c4 Ke5 39. b4 a6 40. a3 Kf5 41. a4 b6 42. Kd4 Kf4 43. c5 bxc5+ 44. Kxc5 e3 45. b5 axb5 46. Kxb5 e2 47. a5 e1Q 0-1

[Event "EU-ch U10 24th"]
[Site "Batumi"]
[Date "2014.10.20"]
[Round "2"]
[White "Misiuk, Ernest"]
[Black "Gharibyan, Mamikon"]
[Result "0-1"]
[WhiteElo "1639"]
[BlackElo "1902"]
[PlyCount "51"]
[EventDate "2014.10.19"]
[EventType "swiss"]
[EventRounds "9"]
[EventCountry "GEO"]
[SourceTitle "EXT 2016"]
[Source "ChessBase"]
[SourceDate "2015.10.08"]
[SourceVersion "1"]
[SourceVersionDate "2015.10.08"]
[SourceQuality "1"]

1. d4 Nf6 2. c4 e6 3. Nc3 Bb4 4. e3 0-0 5. Bd3 c5 6. Nf3 b6 7. 0-0 Bb7 8. Na4 cxd4 9. exd4 d5 10. c5 bxc5 11. a3 Ba5 12. Nxc5 Qe7 13. Bg5 Bb6 14. Bxf6 gxf6 15. Nxb7 Qxb7 16. Nh4 Kh8 17. Qh5 f5 18. Qh6 Rg8 19. Bxf5 Rg7 20. Bxh7 Bxd4 21. Rfc1 Nd7 22. Bd3+ Kg8 23. Rc2 Qb3 24. Qd2 Ne5 25. Bf1 Ng4 26. g3 0-1

[Event "Wch U10"]
[Site "Durban"]
[Date "2014.09.25"]
[Round "7"]
[White "Misiuk, Ernest"]
[Black "Can, Isik"]
[Result "0-1"]
[WhiteElo "1640"]
[BlackElo "1926"]
[PlyCount "50"]
[EventDate "2014.09.20"]
[EventType "swiss"]
[EventRounds "11"]
[EventCountry "RSA"]
[SourceTitle "CBM 162 Extra"]
[Source "ChessBase"]
[SourceDate "2014.10.17"]
[SourceVersion "1"]
[SourceVersionDate "2014.10.17"]
[SourceQuality "1"]

1. d4 Nf6 2. c4 e6 3. Nc3 Bb4 4. e3 0-0 5. Bd3 d5 6. Nge2 dxc4 7. Bxc4 c5 8. 0-0 Nc6 9. d5 Ne5 10. b3 Nxc4 11. bxc4 b5 12. Nxb5 exd5 13. cxd5 Nxd5 14. Bb2 Be6 15. Qc2 Qb6 16. Nec3 Bxc3 17. Nxc3 Nb4 18. Qe2 Rfd8 19. Rfd1 h6 20. a3 Nd3 21. Rxd3 Rxd3 22. Qxd3 Qxb2 23. Rd1 Qxa3 24. Qe4 Rc8 25. Na4 Qb4 0-1